[Event "Rated Blitz game"]
[Site "?"]
[Date "2021.11.15"]
[Round "?"]
[White "Zapasnoy"]
[Black "vovaches"]
[Result "1-0"]
[WhiteElo "2489"]
[BlackElo "2502"]
[PlyCount "117"]
[EventDate "2021.??.??"]
[EventType "blitz"]

1. e4 e5 2. Nf3 d5 3. exd5 e4 4. Qe2 Nf6 5. d3 Qd7 6. dxe4 c6 7. Nc3 Bb4 8. Bd2
O-O 9. O-O-O Re8 10. dxc6 Nxc6 11. Qc4 Qe7 12. Bg5 Bxc3 13. Qxc3 Nxe4 14. Bxe7
Nxc3 15. bxc3 Rxe7 16. Bb5 Bg4 17. Bxc6 bxc6 18. Rhe1 Rxe1 19. Rxe1 Bxf3 20.
gxf3 Kf8 21. Re4 Rc8 22. Kd2 f5 23. Ra4 Rc7 24. Kd3 Ke7 25. Ra5 g6 26. Kc4 Kd6
27. f4 Re7 28. Re5 Rb7 29. Re2 Rb1 30. Rd2+ Kc7 31. Re2 Kd6 32. Rd2+ Ke6 33.
Kc5 Rh1 34. Kxc6 Rxh2 35. Re2+ Kf6 36. Kb7 Rh4 37. c4 Rxf4 38. c5 Rb4+ 39. Kxa7
h5 40. a3 Rc4 41. Kb6 h4 42. c6 h3 43. Re3 Rxc2 44. Rxh3 Rb2+ 45. Ka6 Rc2 46.
Kb5 Rb2+ 47. Kc5 Rxf2 48. c7 Rc2+ 49. Kd6 g5 50. Rh6+ Kg7 51. Re6 g4 52. Re5
Kf6 53. Rc5 Rd2+ 54. Kc6 g3 55. c8=Q g2 56. Qxf5+ Kg7 57. Qg5+ Kf7 58. Rf5+ Ke6
59. Qf6# {Normal} 1-0

[Event "Rated Blitz game"]
[Site "?"]
[Date "2021.11.15"]
[Round "?"]
[White "Shamsutdin"]
[Black "KamranShirazi"]
[Result "0-1"]
[WhiteElo "2439"]
[BlackElo "2563"]
[PlyCount "62"]
[EventDate "2021.??.??"]
[EventType "blitz"]

1. e4 e5 2. Nf3 d5 3. Nxe5 Bd6 4. d4 dxe4 5. Nc4 Be7 6. Be3 Nc6 7. Be2 f5 8. g3
Nf6 9. Nc3 O-O 10. d5 Nb4 11. Qd2 Nbxd5 12. Nxd5 Nxd5 13. h4 Nxe3 14. Qxe3 b6
15. Ne5 Be6 16. Nc6 Qe8 17. Nxe7+ Qxe7 18. Qc3 Rad8 19. Bc4 Kh8 20. Bxe6 Qxe6
21. Qb3 Qd6 22. Qe3 f4 23. gxf4 Rxf4 24. Ke2 Rf3 25. Qg5 e3 26. Kxf3 Rf8+ 27.
Kxe3 h6 28. Qb5 Qf4+ 29. Kd3 Qf3+ 30. Kd2 Rd8+ 31. Kc1 Qxh1+ {Normal} 0-1

[Event "Rated Blitz tournament 2FaxMI2O"]
[Site "?"]
[Date "2021.11.15"]
[Round "?"]
[White "SuttyRead"]
[Black "dima81"]
[Result "0-1"]
[WhiteElo "2435"]
[BlackElo "2280"]
[PlyCount "122"]
[EventDate "2021.??.??"]
[EventType "blitz"]

1. e4 e5 2. Nf3 d5 3. Nxe5 dxe4 4. d4 Nf6 5. Bc4 Be6 6. Bxe6 fxe6 7. O-O Bd6 8.
Nc4 O-O 9. Nxd6 cxd6 10. c3 d5 11. Bg5 Nc6 12. Nd2 Qe8 13. f3 exf3 14. Rxf3 Qg6
15. Bxf6 Rxf6 16. Rxf6 Qxf6 17. Qf3 Rf8 18. Qxf6 Rxf6 19. Re1 Kf7 20. Nb3 b6
21. a4 Rf5 22. a5 e5 23. axb6 axb6 24. dxe5 Rxe5 25. Rf1+ Ke7 26. Ra1 Re2 27.
Ra2 Rc2 28. h3 Ne5 29. Kh2 Nc4 30. Ra7+ Kf6 31. Rd7 Rxb2 32. Nd4 Ne3 33. Rd6+
Ke7 34. Re6+ Kd7 35. Rxe3 b5 36. Kg3 b4 37. cxb4 Rxb4 38. Nf5 g6 39. Nh6 d4 40.
Rd3 Ke6 41. Ng4 Kd5 42. Kf3 Kc4 43. Rd1 d3 44. Ne5+ Kd4 45. Nxd3 Rb3 46. Kf4
Kc3 47. Ne5 Rb4+ 48. Kg5 Kc2 49. Re1 Rb7 50. Kh6 Kc3 51. Re4 Rb2 52. g4 Rh2 53.
Re3+ Kb2 54. Rg3 Ka2 55. Kxh7 Kb2 56. Kxg6 Ka2 57. Nf3 Rf2 58. Nh2 Rf8 59. Rf3
Rg8+ 60. Kh7 Rd8 61. g5 Rd7+ {Time forfeit} 0-1

[Event "Rated Blitz game"]
[Site "?"]
[Date "2021.11.15"]
[Round "?"]
[White "Lucky_Punch"]
[Black "Shuhratullo"]
[Result "0-1"]
[WhiteElo "2500"]
[BlackElo "2325"]
[PlyCount "44"]
[EventDate "2021.??.??"]
[EventType "blitz"]

1. e4 e5 2. Nf3 d5 3. exd5 e4 4. Qe2 Nf6 5. d3 Bb4+ 6. Bd2 O-O 7. Bxb4 exf3 8.
Qxf3 Re8+ 9. Be2 Bg4 10. Qe3 Rxe3 11. fxe3 Bxe2 12. Kxe2 Nxd5 13. Bd2 Nc6 14.
Nc3 f5 15. Raf1 g6 16. h4 Qd6 17. Nxd5 Qxd5 18. h5 Qxg2+ 19. Kd1 Ne5 20. hxg6
hxg6 21. Bc3 Ng4 22. Kc1 Nxe3 {Normal} 0-1

[Event "Rated Blitz game"]
[Site "?"]
[Date "2021.11.15"]
[Round "?"]
[White "ADDRESP"]
[Black "Benny_Watts_2005"]
[Result "1-0"]
[WhiteElo "2527"]
[BlackElo "2400"]
[PlyCount "51"]
[EventDate "2021.??.??"]
[EventType "blitz"]

1. e4 e5 2. Nf3 d5 3. Nxe5 Bd6 4. d4 dxe4 5. Nc3 Bxe5 6. dxe5 Qxd1+ 7. Kxd1 Bf5
8. Bc4 Nc6 9. Bf4 O-O-O+ 10. Kc1 Nge7 11. Bxf7 h6 12. Rd1 Rxd1+ 13. Kxd1 Rf8
14. Bh5 Ng6 15. Bxg6 Bxg6 16. Bg3 Re8 17. Kd2 Nxe5 18. Bxe5 Rxe5 19. Ke3 c6 20.
Re1 Kd7 21. g4 Ke6 22. Kf4 Rc5 23. Re2 Kf6 24. Rxe4 Bf7 25. Rb4 g5+ 26. Kg3 {
Normal} 1-0

[Event "Rated Blitz game"]
[Site "?"]
[Date "2021.11.15"]
[Round "?"]
[White "Axmedov_Azamat"]
[Black "EEberhart"]
[Result "1-0"]
[WhiteElo "2446"]
[BlackElo "2332"]
[PlyCount "31"]
[EventDate "2021.??.??"]
[EventType "blitz"]

1. e4 e5 2. Nf3 d5 3. exd5 e4 4. Ne5 Qxd5 5. d4 exd3 6. Nxd3 Nf6 7. Nc3 Qd8 8.
Qe2+ Be7 9. Bg5 O-O 10. O-O-O Bf5 11. h3 Nbd7 12. g4 Be6 13. Nf4 Qc8 14. Nxe6
fxe6 15. Qxe6+ Kh8 16. Qxe7 {Normal} 1-0

[Event "Rated Blitz game"]
[Site "?"]
[Date "2021.11.15"]
[Round "?"]
[White "chessmachine02"]
[Black "Tamrik2"]
[Result "1-0"]
[WhiteElo "2401"]
[BlackElo "2452"]
[PlyCount "61"]
[EventDate "2021.??.??"]
[EventType "blitz"]

1. e4 e5 2. Nf3 d5 3. exd5 e4 4. Ng1 Nf6 5. d3 Qxd5 6. Nc3 Bb4 7. Bd2 Bxc3 8.
Bxc3 Nbd7 9. dxe4 Qxe4+ 10. Be2 O-O 11. Nf3 Re8 12. Qd2 b6 13. Ng5 Qxg2 14.
O-O-O Bb7 15. Rhg1 Qxf2 16. Bc4 Qxd2+ 17. Rxd2 Re7 18. Nxf7 Rxf7 19. Rxd7 Nxd7
20. Rxg7+ Kf8 21. Rxf7+ Ke8 22. Rxh7 Nc5 23. Bf6 Be4 24. Re7+ Kf8 25. Rf7+ Ke8
26. b4 Nd7 27. Bh4 b5 28. Re7+ Kf8 29. Bxb5 c6 30. Bc4 Bf5 31. Rf7+ {Normal}
1-0

[Event "Rated Blitz game"]
[Site "?"]
[Date "2021.11.15"]
[Round "?"]
[White "Stapfenoder"]
[Black "Roberto_Baggio1978"]
[Result "1-0"]
[WhiteElo "2540"]
[BlackElo "2568"]
[PlyCount "129"]
[EventDate "2021.??.??"]
[EventType "blitz"]

1. e4 e5 2. Nf3 d5 3. d3 dxe4 4. dxe4 Qxd1+ 5. Kxd1 Nf6 6. Nbd2 Nc6 7. Bb5 Bd7
8. Ke2 Bd6 9. Re1 O-O-O 10. c3 Rhe8 11. Kf1 h6 12. Kg1 Bc5 13. h3 a6 14. Ba4
Nh5 15. Nf1 Nf4 16. Be3 Nd3 17. Bxc5 Nxc5 18. Bc2 Be6 19. Ne3 Nd3 20. Bxd3 Rxd3
21. Rec1 g6 22. b3 f5 23. Ne1 Rd7 24. exf5 gxf5 25. Rd1 f4 26. Rxd7 Bxd7 27.
Nd5 Be6 28. Nf6 Rd8 29. Ne4 Bf5 30. f3 Bxe4 31. fxe4 Rd2 32. Nf3 Rd3 33. Rc1
Kd7 34. Kf2 Ke6 35. Rc2 Nd8 36. c4 Nc6 37. Rd2 Rxd2+ 38. Nxd2 Nb4 39. g3 fxg3+
40. Kxg3 Nxa2 41. Kh4 Nc1 42. Kh5 Kf6 43. Kxh6 b6 44. Kh5 c6 45. Kg4 a5 46. Kf3
b5 47. Ke3 a4 48. bxa4 bxa4 49. Nb1 Nb3 50. Kf3 Nd4+ 51. Kg4 Nc2 52. h4 a3 53.
Nc3 c5 54. h5 Nb4 55. h6 a2 56. Nxa2 Nxa2 57. h7 Kg7 58. Kf5 Kxh7 59. Kxe5 Nc3
60. Kd6 Na4 61. Ke6 Kg7 62. Ke7 Kg6 63. e5 Kf5 64. e6 Ke4 65. Kd6 {Time forfeit
} 1-0

[Event "Rated Blitz game"]
[Site "?"]
[Date "2021.11.15"]
[Round "?"]
[White "DarkAlekhine"]
[Black "Futuregm03pro"]
[Result "1-0"]
[WhiteElo "2775"]
[BlackElo "2698"]
[PlyCount "85"]
[EventDate "2021.??.??"]
[EventType "blitz"]

1. e4 e5 2. Nf3 d5 3. Nxe5 Bd6 4. d4 dxe4 5. Nc3 Bxe5 6. dxe5 Qxd1+ 7. Nxd1 Nc6
8. Bb5 Bd7 9. Bf4 O-O-O 10. Ne3 Nge7 11. Bg3 Ng6 12. Bxc6 Bxc6 13. Rd1 Rxd1+
14. Kxd1 Re8 15. Nf5 Nxe5 16. Nxg7 Rd8+ 17. Kc1 Ng4 18. h3 Nf6 19. Bh4 Rd6 20.
Nf5 Re6 21. Rd1 Bd7 22. Ne3 Nh5 23. Rd5 Nf4 24. Rf5 Ng6 25. Bg3 Re7 26. Rh5 f6
27. Nd5 Rf7 28. Nxc7 f5 29. Nd5 f4 30. Bh2 Bc6 31. Nc3 e3 32. f3 Re7 33. Ne2
Bb5 34. Rxb5 Rg7 35. Rg5 Rf7 36. Rg4 Re7 37. Bxf4 Kd7 38. Bg5 Re6 39. Re4 Ra6
40. Bxe3 Rxa2 41. b3 Ra1+ 42. Kd2 Re1 43. Kxe1 {Normal} 1-0

[Event "Rated Blitz game"]
[Site "?"]
[Date "2021.11.15"]
[Round "?"]
[White "Carlsen_Student"]
[Black "Fletov"]
[Result "0-1"]
[WhiteElo "2422"]
[BlackElo "2375"]
[PlyCount "74"]
[EventDate "2021.??.??"]
[EventType "blitz"]

1. e4 e5 2. Nf3 d5 3. exd5 e4 4. Qe2 Nf6 5. d3 Qxd5 6. Nbd2 Bb4 7. c3 Bc5 8.
dxe4 Qd8 9. Qb5+ Nbd7 10. Be2 c6 11. Qb3 O-O 12. O-O Nb6 13. a4 Be6 14. Qc2 a5
15. Rd1 Qc7 16. h3 h6 17. e5 Nfd5 18. Ne4 Be7 19. b3 Rfd8 20. Bb2 Nf4 21. Bf1
Kh8 22. c4 Bf5 23. Re1 Bb4 24. Bc3 c5 25. g3 Nxh3+ 26. Bxh3 Bxh3 27. Nd6 Rxd6
28. exd6 Qxd6 29. Rad1 Qc6 30. Qc1 Bxc3 31. Qxc3 Nd7 32. Re7 Nf6 33. Rxf7 Rg8
34. Rd3 Qe6 35. Rxb7 Ng4 36. Rd1 Qe2 37. Rd2 Qf1# {Normal} 0-1

[Event "Rated Rapid game"]
[Site "?"]
[Date "2021.11.15"]
[Round "?"]
[White "Andi_1961"]
[Black "Senor_de_los_vientos"]
[Result "1-0"]
[WhiteElo "2389"]
[BlackElo "2434"]
[PlyCount "55"]
[EventDate "2021.??.??"]
[EventType "rapid"]

1. e4 e5 2. Nf3 d5 3. exd5 e4 4. Qe2 Nf6 5. Nc3 Be7 6. Nxe4 Nxd5 7. c4 Nb4 8.
d4 O-O 9. a3 f5 10. Nc3 N4c6 11. Qd3 Na5 12. Bf4 Nb3 13. Rd1 Bf6 14. Nd5 Re8+
15. Be2 Nxd4 16. Nxf6+ Qxf6 17. Qxd4 Qe7 18. Rd2 Nc6 19. Qc3 h6 20. O-O g5 21.
Be3 f4 22. Bd4 g4 23. Ne1 f3 24. gxf3 gxf3 25. Bxf3 Bh3 26. Bg2 Bxg2 27. Nxg2
Rad8 28. Bf6 {Normal} 1-0

[Event "Rated Blitz game"]
[Site "?"]
[Date "2021.11.15"]
[Round "?"]
[White "limosity"]
[Black "Tintyn"]
[Result "0-1"]
[WhiteElo "2385"]
[BlackElo "2460"]
[PlyCount "28"]
[EventDate "2021.??.??"]
[EventType "blitz"]

1. e4 e5 2. Nf3 d5 3. exd5 e4 4. Qe2 Nf6 5. d3 Qxd5 6. Nc3 Bb4 7. Nd2 Bxc3 8.
bxc3 Bf5 9. Ba3 Nc6 10. f3 Qa5 11. Nc4 Qxc3+ 12. Kf2 Qxa1 13. fxe4 Qd4+ 14. Ke1
Bg4 {Normal} 0-1

[Event "Rated Blitz game"]
[Site "?"]
[Date "2021.11.15"]
[Round "?"]
[White "chchno"]
[Black "DOOGE228"]
[Result "1-0"]
[WhiteElo "2391"]
[BlackElo "2428"]
[PlyCount "53"]
[EventDate "2021.??.??"]
[EventType "blitz"]

1. e4 e5 2. Nf3 d5 3. Nxe5 Bd6 4. d4 dxe4 5. Nc3 Nf6 6. Bg5 O-O 7. Bc4 Nbd7 8.
Nxd7 Bxd7 9. O-O h6 10. Bxf6 Qxf6 11. Nxe4 Bxh2+ 12. Kxh2 Qh4+ 13. Kg1 Qxe4 14.
Re1 Qf4 15. Re7 Qd6 16. Qe2 Be6 17. Rxe6 fxe6 18. Bxe6+ Kh8 19. d5 Rf6 20. Re1
Raf8 21. f3 c6 22. c4 b5 23. dxc6 bxc4 24. Qxc4 Re8 25. c7 Rfxe6 26. Rxe6 Rc8
27. Rxd6 {Normal} 1-0

[Event "Rated Blitz game"]
[Site "?"]
[Date "2021.11.15"]
[Round "?"]
[White "squaleswiss"]
[Black "Tristan2020"]
[Result "1-0"]
[WhiteElo "2429"]
[BlackElo "2364"]
[PlyCount "155"]
[EventDate "2021.??.??"]
[EventType "blitz"]

1. e4 e5 2. Nf3 d5 3. Nxe5 Bd6 4. d4 dxe4 5. Bc4 Bxe5 6. dxe5 Qxd1+ 7. Kxd1
Bg4+ 8. Kd2 Nc6 9. Re1 Nxe5 10. Rxe4 O-O-O+ 11. Kc3 Nxc4 12. Rxc4 Nf6 13. Bg5
Be6 14. Ra4 Rd1 15. Bxf6 gxf6 16. Rxa7 Kb8 17. Ra4 Rhd8 18. b3 Rf1 19. Rf4 Rdd1
20. Kb2 f5 21. a4 h5 22. h4 Rg1 23. g3 Rgf1 24. a5 Kc8 25. c3 c5 26. Kc2 Kc7
27. Rfa4 Bd7 28. Rc4 Bc6 29. Nd2 Rxa1 30. Nxf1 Rxf1 31. Rf4 Be4+ 32. Kb2 Kd6
33. Ka3 Ra1+ 34. Kb2 Rb1+ 35. Ka2 Ke5 36. f3 Bd3 37. b4 Rc1 38. bxc5 Rxc3 39.
Rb4 Rxc5 40. f4+ Kf6 41. Rb6+ Kg7 42. Rxb7 Rxa5+ 43. Kb3 Be2 44. Kb4 Ra1 45.
Re7 Bf3 46. Re3 Be4 47. Kc5 Kf6 48. Kd4 Rd1+ 49. Kc5 Rd3 50. Rxd3 Bxd3 51. Kd6
Be2 52. Kd7 Bc4 53. Kd6 Bb3 54. Kd7 Kg7 55. Ke7 Be6 56. Ke8 Kf6 57. Kf8 Bc4 58.
Kg8 Be2 59. Kh7 Ke6 60. Kg7 f6 61. Kg6 Bg4 62. Kg7 Ke7 63. Kg6 Ke6 64. Kg7 Be2
65. Kg6 Bb5 66. Kxh5 Kf7 67. Kh6 Be2 68. Kh7 Bg4 69. Kh6 Bf3 70. Kh7 Ke6 71.
Kg6 Bc6 72. Kg7 Be8 73. Kf8 Bh5 74. Kg7 Ke7 75. Kh6 Bg4 76. Kg7 Bf3 77. Kg6 Bc6
78. Kxf5 {Time forfeit} 1-0

[Event "Rated Blitz game"]
[Site "?"]
[Date "2021.11.15"]
[Round "?"]
[White "Donkeykiller2021"]
[Black "ApostolStankov"]
[Result "0-1"]
[WhiteElo "2353"]
[BlackElo "2418"]
[PlyCount "96"]
[EventDate "2021.??.??"]
[EventType "blitz"]

1. e4 e5 2. Nf3 d5 3. Nxe5 Bd6 4. d4 dxe4 5. Bc4 Bxe5 6. dxe5 Qxd1+ 7. Kxd1
Bg4+ 8. Be2 Bxe2+ 9. Kxe2 Nc6 10. Bf4 O-O-O 11. c3 Nge7 12. Nd2 Ng6 13. g3
Ngxe5 14. Nxe4 f5 15. Nc5 Rhe8 16. Kf1 b6 17. Nb3 Nc4 18. Rb1 a5 19. Kg2 a4 20.
Nc1 h6 21. h4 N6e5 22. b3 Na5 23. Re1 Nf7 24. Ne2 g5 25. hxg5 hxg5 26. Be3 g4
27. Nd4 Nd6 28. Bf4 Rxe1 29. Rxe1 axb3 30. axb3 Rf8 31. Bxd6 cxd6 32. Re7 f4
33. gxf4 Rxf4 34. b4 Rxd4 35. cxd4 Nc6 36. Rg7 Nxb4 37. Rxg4 Kd7 38. Kf3 Nd5
39. Rg7+ Ke6 40. Rb7 Kf5 41. Ke2 Ke4 42. Rd7 Nf4+ 43. Kd2 Kd5 44. Ke3 Ne6 45.
f4 b5 46. f5 Ng5 47. f6 Ke6 48. Rg7 Nf7 {Time forfeit} 0-1

[Event "Rated Blitz game"]
[Site "?"]
[Date "2021.11.15"]
[Round "?"]
[White "Heidschnucke"]
[Black "Nepsuliini"]
[Result "0-1"]
[WhiteElo "2473"]
[BlackElo "2401"]
[PlyCount "44"]
[EventDate "2021.??.??"]
[EventType "blitz"]

1. e4 e5 2. Nf3 d5 3. exd5 Bd6 4. Nc3 Nf6 5. Bb5+ c6 6. dxc6 Nxc6 7. d3 O-O 8.
Bg5 h6 9. Bh4 g5 10. Bg3 Nd4 11. h3 Nxb5 12. Nxb5 Bb4+ 13. Nc3 e4 14. Ne5 exd3
15. Qxd3 Qxd3 16. Nxd3 Bxc3+ 17. bxc3 Re8+ 18. Be5 Nd7 19. O-O Nxe5 20. Rae1 f6
21. f4 gxf4 22. Rxf4 Kg7 {Normal} 0-1

[Event "Rated Blitz game"]
[Site "?"]
[Date "2021.11.15"]
[Round "?"]
[White "ianina"]
[Black "kamaio"]
[Result "1-0"]
[WhiteElo "2469"]
[BlackElo "2343"]
[PlyCount "41"]
[EventDate "2021.??.??"]
[EventType "blitz"]

1. e4 e5 2. Nf3 d5 3. d3 dxe4 4. dxe4 Qxd1+ 5. Kxd1 Bg4 6. Be2 Nc6 7. c3 O-O-O+
8. Nbd2 f5 9. Ng5 Bxe2+ 10. Kxe2 Nh6 11. exf5 Be7 12. Nde4 Rhf8 13. Ne6 Rxf5
14. Bxh6 gxh6 15. Nxd8 Bxd8 16. Rad1 Be7 17. Rd3 Rf4 18. Re3 b6 19. g3 Rf8 20.
Rf3 Rg8 21. Rf7 {Normal} 1-0

[Event "Rated Blitz tournament VqJ8FLMM"]
[Site "?"]
[Date "2021.11.15"]
[Round "?"]
[White "hectorluis2019"]
[Black "Adim_Ayub"]
[Result "1/2-1/2"]
[WhiteElo "2521"]
[BlackElo "2303"]
[PlyCount "112"]
[EventDate "2021.??.??"]
[EventType "blitz"]

1. e4 e5 2. Nf3 d5 3. Nxe5 Bd6 4. d4 dxe4 5. Nc3 Bxe5 6. dxe5 Qxd1+ 7. Kxd1 Bf5
8. Nd5 Kd7 9. Bc4 Nc6 10. Ne3 Be6 11. Bb5 Nge7 12. Ke2 Rad8 13. b3 a6 14. Bxc6+
Nxc6 15. Bb2 Kc8 16. Rad1 Rxd1 17. Rxd1 Rd8 18. Rxd8+ Kxd8 19. a3 Ke7 20. c4
Kd7 21. g4 h6 22. h3 g6 23. Nd1 h5 24. gxh5 gxh5 25. Ke3 Bxh3 26. Kxe4 Ke6 27.
Ne3 Ne7 28. Kf4 Ng6+ 29. Kg5 Nxe5 30. Bxe5 Kxe5 31. Kxh5 Be6 32. Kg5 Ke4 33.
Kf6 Kf3 34. Nd5 c6 35. Nc7 Bc8 36. Kxf7 Kxf2 37. Ke7 Ke3 38. Kd6 Kd3 39. Kc5
Kc3 40. b4 Kb3 41. Ne8 Kxa3 42. Nd6 Be6 43. Nxb7 Ka4 44. Na5 Bd7 45. Kd6 Be8
46. Nxc6 Bxc6 47. Kxc6 Kxb4 48. c5 a5 49. Kb6 a4 50. c6 a3 51. c7 a2 52. c8=Q
a1=Q 53. Qc5+ Kb3 54. Qd5+ Kb2 55. Qd4+ Kb1 56. Qxa1+ Kxa1 {Normal} 1/2-1/2

[Event "Rated Blitz game"]
[Site "?"]
[Date "2021.11.15"]
[Round "?"]
[White "Keres_Fan"]
[Black "Bergerac1985"]
[Result "1/2-1/2"]
[WhiteElo "2483"]
[BlackElo "2329"]
[PlyCount "85"]
[EventDate "2021.??.??"]
[EventType "blitz"]

1. e4 e5 2. Nf3 d5 3. Nxe5 dxe4 4. Nc3 Bd6 5. Nc4 Nf6 6. Be2 O-O 7. O-O Re8 8.
Nxd6 Qxd6 9. d3 exd3 10. Qxd3 Qxd3 11. Bxd3 c6 12. Bg5 Nbd7 13. Rfe1 Kf8 14.
Bf4 h6 15. a4 Nb6 16. a5 Nbd5 17. Nxd5 cxd5 18. Bd6+ Kg8 19. Bb5 Bd7 20. Bxd7
Nxd7 21. Red1 Nf6 22. Bc5 a6 23. Bd4 Rad8 24. Kf1 Re6 25. f3 Ne8 26. Rd2 Nd6
27. b3 Nb5 28. Bb6 Rc8 29. Rc1 Rd6 30. c4 dxc4 31. Rxd6 Nxd6 32. bxc4 Rxc4 33.
Rd1 Nc8 34. Rd8+ Kh7 35. Rd7 Nxb6 36. axb6 Kg6 37. Rxb7 Rb4 38. Kf2 a5 39. Kg3
a4 40. Ra7 Rxb6 41. Rxa4 f6 42. h4 Rb5 43. Rc4 {Normal} 1/2-1/2

[Event "Rated Blitz game"]
[Site "?"]
[Date "2021.11.15"]
[Round "?"]
[White "apap2600"]
[Black "Tristan2020"]
[Result "1/2-1/2"]
[WhiteElo "2479"]
[BlackElo "2345"]
[PlyCount "175"]
[EventDate "2021.??.??"]
[EventType "blitz"]

1. e4 e5 2. Nf3 d5 3. exd5 e4 4. Qe2 Nf6 5. Nc3 Bb4 6. Nxe4 O-O 7. a3 Nxe4 8.
axb4 Re8 9. d3 Nd6 10. Be3 c6 11. dxc6 Nxc6 12. Qd2 Nf5 13. Be2 Ncd4 14. Nxd4
Nxd4 15. O-O Nf5 16. Bf3 Nh4 17. Be4 f5 18. Bg5 Qd6 19. Bxh4 fxe4 20. Rfe1 Bf5
21. Bg3 Qd4 22. Qg5 Bg6 23. dxe4 Rxe4 24. Be5 Qd7 25. Rxe4 Bxe4 26. c3 Rf8 27.
Bd4 h6 28. Qg3 a6 29. Re1 Bc6 30. h3 Qf7 31. Bc5 Re8 32. Rxe8+ Qxe8 33. Kh2 g5
34. Bd4 Qe4 35. f3 Qe7 36. Qb8+ Kf7 37. Qh8 Qd6+ 38. Be5 Qg6 39. Qd8 h5 40.
Qc7+ Ke6 41. Qd6+ Kf7 42. Qc7+ Ke6 43. Bd6 Qf6 44. Bg3 h4 45. Bf2 Qe5+ 46.
Qxe5+ Kxe5 47. Kg1 Kd5 48. b3 Ke5 49. Kf1 b5 50. c4 Bd7 51. Ke2 Be6 52. Kd3
Bf5+ 53. Kc3 Be6 54. Bd4+ Kf4 55. Bf2 Ke5 56. Be1 Kf4 57. Bd2+ Kg3 58. Bxg5
Kxg2 59. Bxh4 Kxf3 60. c5 Ke4 61. Bf6 Bxh3 62. Be7 Kd5 63. Bd6 Bf1 64. Bc7 Be2
65. Kd2 Bf3 66. Ke3 Bg4 67. Kf4 Bd1 68. Ba5 Bxb3 69. Kg5 Bc2 70. Kf6 Kc6 71.
Ke7 Bd3 72. Bb6 Be4 73. Kd8 Bd3 74. Kc8 Be4 75. Kb8 Bd3 76. Ka7 Be4 77. Kxa6
Bd3 78. Ka7 Be4 79. Kb8 Bd3 80. Kc8 Be4 81. Kd8 Bd3 82. Bc7 Be4 83. Bd6 Bd3 84.
Kc8 Be4 85. Kb8 Bd3 86. Ka7 Be4 87. Ka6 Bd3 88. Ka7 {Normal} 1/2-1/2

[Event "Rated Blitz game"]
[Site "?"]
[Date "2021.11.15"]
[Round "?"]
[White "Marc400"]
[Black "Frutek"]
[Result "1-0"]
[WhiteElo "2569"]
[BlackElo "2554"]
[PlyCount "81"]
[EventDate "2021.??.??"]
[EventType "blitz"]

1. e4 e5 2. Nf3 d5 3. exd5 e4 4. Qe2 Nf6 5. d3 Qd6 6. dxe4 Qb4+ 7. Nc3 Bg4 8.
Bd2 Qxb2 9. Rb1 Qxc2 10. Nd4 Bxe2 11. Nxc2 Bxf1 12. Rxf1 b6 13. f4 a5 14. Kf2
Bc5+ 15. Kf3 O-O 16. e5 Nfd7 17. Ne4 Na6 18. Be3 Rad8 19. Rfd1 Bxe3 20. Nxe3
Ndc5 21. Rbc1 Nxe4 22. Kxe4 Nc5+ 23. Kf3 Rfe8 24. Nf5 g6 25. Ng3 f6 26. Ne4
fxe5 27. Nf6+ Kf7 28. Nxe8 e4+ 29. Ke3 Rxe8 30. d6 cxd6 31. Rxd6 Re6 32. Rxe6
Kxe6 33. Rb1 Na4 34. Kd4 Kd6 35. g4 Kc6 36. f5 gxf5 37. gxf5 Nc5 38. f6 Nd7 39.
f7 Kd6 40. Rxb6+ Ke7 41. Rb7 {Normal} 1-0

[Event "Rated Blitz game"]
[Site "?"]
[Date "2021.11.15"]
[Round "?"]
[White "euwe1000"]
[Black "Pashkomarku"]
[Result "1-0"]
[WhiteElo "2446"]
[BlackElo "2280"]
[PlyCount "93"]
[EventDate "2021.??.??"]
[EventType "blitz"]

1. e4 e5 2. Nf3 d5 3. d4 exd4 4. Qxd4 dxe4 5. Qxd8+ Kxd8 6. Ng5 Be6 7. Nxe6+
fxe6 8. Nc3 Bb4 9. Bd2 Bxc3 10. Bxc3 Nf6 11. O-O-O+ Nbd7 12. Bc4 Ke7 13. Rhe1
c6 14. f3 Nb6 15. Bb3 Nbd5 16. Be5 exf3 17. gxf3 Kf7 18. c4 Ne7 19. Bxf6 gxf6
20. Rd7 b6 21. c5 Rhe8 22. Bxe6+ Kf8 23. Rg1 Red8 24. Rc7 bxc5 25. h4 Rd6 26.
Bb3 Rd4 27. h5 c4 28. Bc2 f5 29. h6 Rh4 30. Re1 Re8 31. Rxa7 Rxh6 32. a4 Nd5
33. Rxe8+ Kxe8 34. Bxf5 Rh1+ 35. Kd2 Rh2+ 36. Ke1 Rxb2 37. Bxh7 c3 38. a5 c2
39. Kd2 Nb4 40. a6 Ra2 41. Rb7 Nxa6 42. Bxc2 c5 43. Kc3 Nb4 44. Bg6+ Kd8 45.
Be4 Ra3+ 46. Kc4 Na6 47. Rh7 {Time forfeit} 1-0

[Event "Rated Blitz game"]
[Site "?"]
[Date "2021.11.15"]
[Round "?"]
[White "clyde321"]
[Black "Pepiton61"]
[Result "0-1"]
[WhiteElo "2439"]
[BlackElo "2369"]
[PlyCount "46"]
[EventDate "2021.??.??"]
[EventType "blitz"]

1. e4 e5 2. Nf3 d5 3. Nxe5 Bd6 4. Ng4 dxe4 5. Bc4 Nf6 6. Ne3 O-O 7. O-O Nc6 8.
Nc3 Ne5 9. Be2 Be6 10. d4 exd3 11. cxd3 c5 12. d4 cxd4 13. Qxd4 Nf3+ 14. Bxf3
Bxh2+ 15. Kxh2 Qxd4 16. Ne2 Qh4+ 17. Kg1 h5 18. b3 Ng4 19. Nxg4 Bxg4 20. Nd4
Rad8 21. Bxg4 hxg4 22. Be3 Rxd4 23. Bxd4 g3 {Normal} 0-1

[Event "Rated Blitz game"]
[Site "?"]
[Date "2021.11.15"]
[Round "?"]
[White "mm_mm1"]
[Black "Razario90"]
[Result "0-1"]
[WhiteElo "2438"]
[BlackElo "2369"]
[PlyCount "34"]
[EventDate "2021.??.??"]
[EventType "blitz"]

1. e4 e5 2. Nf3 d5 3. exd5 e4 4. Qe2 Nf6 5. Nc3 Be7 6. Nxe4 O-O 7. d3 Re8 8.
Be3 Nxd5 9. O-O-O f5 10. Ned2 f4 11. Bd4 Nc6 12. Nb3 Bd6 13. Qd2 Nxd4 14. Nfxd4
Bg4 15. f3 Bd7 16. Re1 Ne3 17. g3 c5 {Time forfeit} 0-1

[Event "Rated Blitz game"]
[Site "?"]
[Date "2021.11.15"]
[Round "?"]
[White "King_of_Fanta"]
[Black "Porgy"]
[Result "0-1"]
[WhiteElo "2389"]
[BlackElo "2405"]
[PlyCount "34"]
[EventDate "2021.??.??"]
[EventType "blitz"]

1. e4 e5 2. Nf3 d5 3. Nxe5 Nf6 4. Nc3 d4 5. Ne2 Nxe4 6. d3 Bb4+ 7. c3 dxc3 8.
Qa4+ Nc6 9. Nxc6 Qf6 10. Qxb4 Nxf2 11. Bg5 Nxd3+ 12. Kd1 c2+ 13. Kd2 Qxg5+ 14.
Kxd3 Bf5+ 15. Kc3 Qe3+ 16. Kc4 Qd3+ 17. Kc5 b6+ {Normal} 0-1

[Event "Rated Blitz game"]
[Site "?"]
[Date "2021.11.15"]
[Round "?"]
[White "vla1959"]
[Black "Tamrik2"]
[Result "0-1"]
[WhiteElo "2340"]
[BlackElo "2458"]
[PlyCount "90"]
[EventDate "2021.??.??"]
[EventType "blitz"]

1. e4 e5 2. Nf3 d5 3. Nc3 d4 4. Ne2 Nc6 5. Ng3 Nf6 6. Bb5 Bd6 7. c3 Bd7 8. O-O
O-O 9. cxd4 Nxd4 10. Nxd4 exd4 11. Bxd7 Qxd7 12. d3 c5 13. Nf5 Rfe8 14. f4 Bf8
15. e5 Qxf5 16. exf6 Qxf6 17. Qf3 b6 18. Bd2 Rac8 19. f5 c4 20. dxc4 Rxc4 21.
Rae1 Rec8 22. g4 h6 23. Rc1 Rc2 24. Qd3 Rxc1 25. Rxc1 Rxc1+ 26. Bxc1 Qh4 27.
Qg3 Qe7 28. Qd3 Qe1+ 29. Qf1 Qe4 30. h3 d3 31. Bd2 Bc5+ 32. Kh2 Bd6+ 33. Kg1
Be5 34. b3 Bd4+ 35. Kh2 b5 36. Qg2 Qe5+ 37. Kh1 Bc3 38. Qa8+ Kh7 39. Bxc3 Qxc3
40. Kg2 Qc2+ 41. Kg3 d2 42. f6 d1=Q 43. fxg7 Qg1+ 44. Kh4 Qcf2+ 45. Kh5 Kxg7 {
Time forfeit} 0-1

[Event "Rated Blitz game"]
[Site "?"]
[Date "2021.11.15"]
[Round "?"]
[White "Chess_man_2006"]
[Black "Schachelite"]
[Result "1-0"]
[WhiteElo "2454"]
[BlackElo "2491"]
[PlyCount "33"]
[EventDate "2021.??.??"]
[EventType "blitz"]

1. e4 e5 2. Nf3 d5 3. Nxe5 Bd6 4. d4 dxe4 5. Bc4 Bxe5 6. Qh5 Qe7 7. Qxe5 Qxe5
8. dxe5 Nc6 9. Bf4 Nge7 10. Nc3 Bf5 11. O-O-O Ng6 12. Bg3 Ngxe5 13. Bb3 O-O 14.
Nd5 Rfc8 15. Bxe5 Nxe5 16. Ne7+ Kf8 17. Nxf5 {Normal} 1-0